[Event "POL-ch U16"]
[Site "Szklarska Poreba"]
[Date "2016.03.16"]
[Round "5"]
[White "Trendowski, Michal"]
[Black "Domanski, Lukasz"]
[Result "0-1"]
[WhiteElo "1807"]
[BlackElo "1994"]
[PlyCount "48"]
[EventDate "2016.03.13"]
[EventType "swiss"]
[EventRounds "9"]
[EventCountry "POL"]
[SourceTitle "EXT 2018"]
[Source "ChessBase"]
[SourceDate "2017.10.13"]
[SourceVersion "1"]
[SourceVersionDate "2017.10.13"]
[SourceQuality "1"]

1. e4 c5 2. Nf3 e6 3. c4 Nc6 4. Nc3 Nf6 5. h3 d5 6. e5 Ne4 7. d4 cxd4 8. Nxd4 Bb4 9. Nxc6 bxc6 10. Bd2 Nxd2 11. Qxd2 d4 12. 0-0-0 c5 13. Qf4 Bxc3 14. bxc3 Qa5 15. Qf3 Rb8 16. Rd2 Qa3+ 17. Kd1 Rb1+ 18. Ke2 Bb7 19. Qd3 Qc1 20. Rd1 Rb2+ 21. Rd2 Be4 22. Qxe4 Qxd2+ 23. Kf3 Qxf2+ 24. Kg4 h5+ 0-1

[Event "POL Olympiad U14"]
[Site "Spala"]
[Date "2014.12.30"]
[Round "2.15"]
[White "Trendowski, Michal"]
[Black "Wrobel, Michal"]
[Result "0-1"]
[WhiteElo "1582"]
[BlackElo "1746"]
[PlyCount "50"]
[EventDate "2014.04.06"]
[EventType "swiss"]
[EventRounds "9"]
[EventCountry "POL"]
[SourceTitle "EXT 2023"]
[Source "ChessBase"]
[SourceDate "2022.10.05"]
[SourceVersion "1"]
[SourceVersionDate "2022.10.05"]
[SourceQuality "1"]

1. e4 e6 2. d4 d5 3. Nc3 Bb4 4. e5 c5 5. a3 Bxc3+ 6. bxc3 Qc7 7. Nf3 Nc6 8. a4 Nge7 9. Be2 0-0 10. 0-0 Ng6 11. h4 f6 12. h5 Nge7 13. exf6 gxf6 14. Bh6 Rf7 15. Nh4 e5 16. f4 exd4 17. cxd4 Nxd4 18. Ra3 Ndf5 19. Nxf5 Nxf5 20. Qxd5 Nxh6 21. Rg3+ Kh8 22. Rd1 Bf5 23. Bc4 Rd7 24. Qf3 Rxd1+ 25. Qxd1 Qxf4 0-1

[Event "Chateauroux op 15th"]
[Site "Chateauroux"]
[Date "2014.10.27"]
[Round "4"]
[White "Trendowski, Michal"]
[Black "Kessler, Stefan"]
[Result "1-0"]
[WhiteElo "1569"]
[BlackElo "2023"]
[PlyCount "125"]
[EventDate "2014.10.25"]
[EventType "swiss"]
[EventRounds "7"]
[EventCountry "FRA"]
[SourceTitle "EXT 2015"]
[Source "ChessBase"]
[SourceDate "2014.11.20"]
[SourceVersion "1"]
[SourceVersionDate "2014.11.20"]
[SourceQuality "1"]

1. e4 c5 2. Nf3 e6 3. d4 cxd4 4. Nxd4 a6 5. c4 Qc7 6. Nc3 Nf6 7. Be2 Bb4 8. 0-0 Bxc3 9. bxc3 Nxe4 10. Bf3 Nc5 11. Nb3 d6 12. Nxc5 dxc5 13. Be3 0-0 14. Rb1 Nd7 15. Kh1 Rb8 16. Qa4 b6 17. Rfd1 Rd8 18. Qc6 Qxc6 19. Bxc6 f6 20. Bxc5 Bb7 21. Bxb6 Bxc6 22. Bxd8 Rxd8 23. Rb6 Ba4 24. Rd2 Nxb6 25. Rxd8+ Kf7 26. Rd6 Nd7 27. Rxa6 Bc2 28. a4 Ke7 29. a5 g5 30. f3 Bd3 31. Ra8 Bxc4 32. a6 Nb6 33. Rb8 Nd7 34. a7 Bd5 35. c4 Bc6 36. a8Q Bxa8 37. Rxa8 Kd6 38. Rh8 Ne5 39. Rxh7 Nxc4 40. Rh6 Ke5 41. Kg1 Kf5 42. Kf2 Nd6 43. Ke3 Ke5 44. Rg6 Kf5 45. Rg8 Ke5 46. Kd3 Nf5 47. g3 Ne7 48. Ra8 Kf5 49. Ra5+ Kg6 50. Ra6 e5 51. Ke4 Kf7 52. Ra7 Ke6 53. Rxe7+ Kxe7 54. Kf5 Kf7 55. h4 gxh4 56. gxh4 Kg7 57. h5 Kh6 58. Kxf6 Kxh5 59. Kxe5 Kg6 60. f4 Kg7 61. Ke6 Kf8 62. Kf6 Kg8 63. Ke7 1-0

[Event "Kaunas GP op"]
[Site "Kaunas"]
[Date "2013.09.15"]
[Round "4"]
[White "Trendowski, Michal"]
[Black "Misiuk, Ernest"]
[Result "1-0"]
[WhiteElo "1507"]
[BlackElo "1561"]
[PlyCount "57"]
[EventDate "2013.09.13"]
[EventType "swiss"]
[EventRounds "5"]
[EventCountry "LTU"]
[SourceTitle "EXT 2024"]
[Source "ChessBase"]
[SourceDate "2023.10.10"]
[SourceVersion "1"]
[SourceVersionDate "2023.10.10"]
[SourceQuality "1"]

1. e4 c5 2. Nf3 d6 3. c3 Nf6 4. g3 g6 5. Bg2 Bg7 6. 0-0 0-0 7. Qc2 e5 8. d4 exd4 9. cxd4 cxd4 10. Nxd4 Re8 11. Be3 Nbd7 12. Nb5 Nc5 13. Rd1 Ncxe4 14. Nc7 Bf5 15. Nxa8 Nxg3 16. Qc7 Qxa8 17. hxg3 Ne4 18. Bxe4 Bxe4 19. Nc3 Bf3 20. Qxd6 Qc8 21. Qd7 Bxd1 22. Qxc8 Rxc8 23. Nxd1 b6 24. Rc1 Rd8 25. Nc3 Kf8 26. Rd1 Rc8 27. Bd4 Bh6 28. Bf6 Ke8 29. Nb5 1-0